[Event "Helmut-Kohls-Turnier 2018"]
[Site "Dortmund GER"]
[Date "2018.07.18"]
[Round "5.4"]
[White "Kartsev, Nikolay"]
[Black "De Boer, Bas"]
[Result "1-0"]
[WhiteElo "2084"]
[BlackElo "2139"]
[WhiteFideId "12939536"]
[BlackFideId "1050729"]
[EventDate "2018.07.14"]

1. e4 c5 2. c3 d5 3. exd5 Qxd5 4. d4 Nc6 5. Nf3 e6 6. Na3 Nf6 7. Nb5 Qd8 8. dxc5
Bxc5 9. Qxd8+ Kxd8 10. b4 Be7 11. a3 Bd7 12. Nbd4 Nxd4 13. Nxd4 Ne4 14. Bb2 a5
15. Bd3 Nd6 16. Nb3 axb4 17. cxb4 f6 18. Nc5 Bc8 19. Rd1 Ke8 20. f4 Kf7 21. Kf2
Rd8 22. Rhe1 b6 23. Nb3 Ba6 24. Bxa6 Rxa6 25. Nd2 Ra7 26. Rc1 Ne8 27. Nf3 Rad7
28. Rc6 Rd6 29. Rec1 Rd2+ 30. Nxd2 Rxd2+ 31. Kg1 Rxb2 32. Rxb6 Ra2 33. Rc3 Nd6
34. h3 h5 35. Rc7 Ke8 36. Rb8+ Kf7 37. Rb6 Ke8 38. Rb8+ Kf7 39. Ra8 h4 40. Raa7
Nf5 41. b5 Kg6 42. Rxe7 Nxe7 43. Rxe7 Rxa3 44. Rxe6 Rb3 45. Rb6 Kf5 46. Rb7 g6
47. Rb6 Rb2 48. Kf1 Ra2 49. Rc6 Rb2 50. b6 g5 51. fxg5 Kxg5 52. Ke1 f5 53. Kd1
Kf4 54. Kc1 Rb5 55. Kc2 Ke5 56. Kc3 Kd5 57. Rf6 Ke5 58. Kc4 Rb2 59. Rg6 Rb1 60.
Kc5 Rc1+ 61. Kb5 Kd5 62. b7 Rb1+ 63. Ka6 1-0

[Event "Helmut-Kohls-Turnier 2018"]
[Site "Dortmund GER"]
[Date "2018.07.18"]
[Round "5.5"]
[White "Wensing, Maximilian"]
[Black "Knudsen, Simon"]
[Result "0-1"]
[WhiteElo "2062"]
[BlackElo "2197"]
[WhiteFideId "16222415"]
[BlackFideId "12985546"]
[EventDate "2018.07.14"]

1. e4 c5 2. Nf3 e6 3. b3 a6 4. Bb2 Qc7 5. g3 d6 6. Bg2 Nd7 7. O-O Ngf6 8. Qe2
Be7 9. c4 Rb8 10. Nc3 e5 11. d3 O-O 12. Bc1 Re8 13. Bg5 h6 14. Bxf6 Nxf6 15. Ne1
Be6 16. Nc2 b5 17. Ne3 Qc8 18. f4 b4 19. Nb1 exf4 20. gxf4 Ng4 21. Nd2 Nxe3 22.
Qxe3 Bf6 23. Kh1 Bxa1 24. Rxa1 Qd8 25. Rf1 Qf6 26. e5 Bf5 27. Nf3 Qe6 28. d4 Bg4
29. dxc5 Bxf3 30. Bxf3 Qh3 31. Rg1 dxe5 32. Rg3 Qf5 33. fxe5 Rxe5 34. Qg1 Qf6
35. Bd5 Rbe8 36. Rf3 Qxf3+ 37. Bxf3 Re1 38. c6 Rxg1+ 39. Kxg1 Rc8 40. Kf2 Kf8
41. Ke3 Ke7 42. Kd4 Kd6 43. c5+ Kc7 44. Kc4 Rb8 45. Bd5 f5 46. Bf3 g5 47. Kd5 g4
48. Bh1 Re8 0-1

[Event "Helmut-Kohls-Turnier 2018"]
[Site "Dortmund GER"]
[Date "2018.07.19"]
[Round "6.1"]
[White "Garbuz, Vitaliy"]
[Black "Knudsen, Simon"]
[Result "1/2-1/2"]
[WhiteElo "2055"]
[BlackElo "2197"]
[WhiteFideId "12990710"]
[BlackFideId "12985546"]
[EventDate "2018.07.14"]

1. e4 c5 2. Nf3 e6 3. d4 cxd4 4. Nxd4 Nc6 5. Nc3 Qc7 6. Be3 a6 7. Be2 Nf6 8. O-O
b5 9. a3 Bb7 10. f4 Nxd4 11. Qxd4 d5 12. Bf3 dxe4 13. Nxe4 Nxe4 14. Bxe4 Rd8 15.
Qa7 Rd7 16. Bxb7 Qxb7 17. Qxb7 Rxb7 18. Rad1 Be7 19. Rd2 O-O 20. Rfd1 Bf6 21. c3
g6 22. Bc5 Rc8 23. Bb4 Rc4 24. g3 Ra7 25. Rd7 Ra8 26. Be7 Kg7 27. Rb7 Bxe7 28.
Rxe7 Kf6 29. Rdd7 Rf8 30. Kf2 a5 31. Ke3 b4 32. Rc7 bxa3 33. Rxc4 Kxe7 34. bxa3
Kd6 35. Ra4 Rc8 36. Rxa5 Rxc3+ 37. Kd4 Rc2 38. Ra7 1/2-1/2

[Event "Helmut-Kohls-Turnier 2018"]
[Site "Dortmund GER"]
[Date "2018.07.19"]
[Round "6.2"]
[White "De Boer, Bas"]
[Black "Wensing, Maximilian"]
[Result "1-0"]
[WhiteElo "2139"]
[BlackElo "2062"]
[WhiteFideId "1050729"]
[BlackFideId "16222415"]
[EventDate "2018.07.14"]

1. Nf3 Nf6 2. c4 g6 3. Nc3 d5 4. cxd5 Nxd5 5. Qb3 c6 6. e4 Nb6 7. d4 Bg7 8. Be3
O-O 9. Rd1 Be6 10. Qc2 Bc4 11. Be2 Na6 12. a3 Bxe2 13. Nxe2 Qd7 14. O-O Nc7 15.
Nf4 f5 16. Qb3+ e6 17. Ng5 Rad8 18. d5 exd5 19. Bxb6 axb6 20. exd5 cxd5 21. Nxd5
Qb5 22. Ne7+ Kh8 23. Nxg6+ 1-0

[Event "Helmut-Kohls-Turnier 2018"]
[Site "Dortmund GER"]
[Date "2018.07.19"]
[Round "6.3"]
[White "Bork, Sophie"]
[Black "Kartsev, Nikolay"]
[Result "0-1"]
[WhiteElo "1916"]
[BlackElo "2084"]
[WhiteFideId "12905429"]
[BlackFideId "12939536"]
[EventDate "2018.07.14"]

1. e4 d5 2. exd5 Nf6 3. d4 Nxd5 4. c4 Nb6 5. Nf3 Bg4 6. c5 N6d7 7. Bc4 e6 8. h3
Bh5 9. Nc3 Be7 10. Bf4 a6 11. Qe2 O-O 12. g4 Bg6 13. O-O-O Nc6 14. Be3 Na5 15.
Bd3 b6 16. Bxg6 hxg6 17. h4 Nf6 18. Ne5 Nd5 19. h5 g5 20. Bd2 Nxc3 21. Bxc3 Qd5
22. Bxa5 bxa5 23. Qc4 Qxc4+ 24. Nxc4 Rfd8 25. Nxa5 Rd5 26. Nb3 Bf6 27. Rd3 Rad8
28. Rhd1 e5 29. R1d2 exd4 30. Re2 Be5 31. Kd1 R8d7 32. Re4 f6 33. Ke2 Kf7 34.
Kd1 Kg8 35. Ke2 Kf7 36. Kd1 g6 37. hxg6+ Kxg6 38. Ke2 Kf7 39. Kd1 Kg6 40. Ke1 f5
41. gxf5+ Kxf5 42. Re2 g4 43. Kf1 Rh7 44. Kg1 Rh3 45. Rxh3 gxh3 46. Re1 d3 47.
Rd1 Bf4 48. c6 d2 49. f3 Rd6 50. Kh1 h2 51. a4 Ke5 52. Nc5 Rxc6 53. Nd3+ Kf5 54.
Nxf4 Rc1 55. Kxh2 Rxd1 0-1

[Event "Helmut-Kohls-Turnier 2018"]
[Site "Dortmund GER"]
[Date "2018.07.19"]
[Round "6.4"]
[White "Pahl, Erik"]
[Black "Wedda, Dries"]
[Result "0-1"]
[WhiteElo "2089"]
[BlackElo "2069"]
[WhiteFideId "16201272"]
[BlackFideId "1053787"]
[EventDate "2018.07.14"]

1. e4 c5 2. Nf3 d6 3. d4 cxd4 4. Nxd4 Nf6 5. Nc3 a6 6. Bg5 Nbd7 7. Bc4 Qb6 8.
O-O Qc5 9. Bd5 e6 10. Re1 Ne5 11. f4 Neg4 12. Na4 Qa7 13. h3 h6 14. Bh4 g5 15.
Bg3 Nh5 16. Qxg4 Qxd4+ 17. Bf2 Qxa4 18. Qxh5 gxf4 19. e5 Bg7 20. exd6 O-O 21.
Bb3 Qb5 22. Qf3 Qg5 23. Rad1 Bd7 24. Qxb7 Rfd8 25. c3 Rac8 26. h4 Qg6 27. Qe4
Qg4 28. Qf3 Qf5 29. Qe4 Qg4 30. Qe2 Qg6 31. Bc2 f5 32. Bb3 Kh8 33. Bb6 Rg8 34.
Rd2 Bf6 35. Qf2 e5 36. Bd1 Rg7 37. Qf3 Bc6 38. Qh5 Qxh5 39. Bxh5 Rcg8 40. d7
Rxg2+ 41. Rxg2 Bxg2 42. d8=Q Bxd8 43. Bxd8 Be4+ 44. Bg6 Rxg6+ 45. Kf1 Kg7 46.
Bc7 Re6 47. Kf2 Kf6 48. Rg1 Rc6 49. Bd8+ Kf7 50. h5 f3 51. Rd1 Ke6 52. Rg1 f4
53. Rg7 Rd6 54. Bh4 Rd2+ 55. Ke1 Rxb2 56. Re7+ Kf5 57. Rf7+ Kg4 58. Bf2 Kxh5 59.
Rg7 Rxa2 60. c4 Bd3 0-1

[Event "Helmut-Kohls-Turnier 2018"]
[Site "Dortmund GER"]
[Date "2018.07.19"]
[Round "6.5"]
[White "Sewald, Kathrin"]
[Black "Wuebker, Paul-Luca"]
[Result "0-1"]
[WhiteElo "2031"]
[BlackElo "2030"]
[WhiteFideId "12964557"]
[BlackFideId "12939528"]
[EventDate "2018.07.14"]

1. e4 c5 2. d3 g6 3. Be3 d6 4. Qc1 Bg7 5. g3 Nc6 6. Bg2 Rb8 7. Ne2 b5 8. O-O Bb7
9. h3 e6 10. Nbc3 c4 11. Nd1 a5 12. f4 Nge7 13. g4 f5 14. Nf2 O-O 15. e5 Nd5 16.
Bxd5 exd5 17. d4 Qh4 18. c3 fxg4 19. hxg4 dxe5 20. fxe5 Nxe5 21. dxe5 Bxe5 22.
Bf4 Rxf4 23. Qxf4 Bxf4 24. Nxf4 Qg3+ 25. Ng2 d4 26. Ne4 Bxe4 0-1

[Event "Helmut-Kohls-Turnier 2018"]
[Site "Dortmund GER"]
[Date "2018.07.20"]
[Round "7.1"]
[White "Wuebker, Paul-Luca"]
[Black "Garbuz, Vitaliy"]
[Result "0-1"]
[WhiteElo "2030"]
[BlackElo "2055"]
[WhiteFideId "12939528"]
[BlackFideId "12990710"]
[EventDate "2018.07.14"]

1. d4 d5 2. c4 c6 3. Nc3 e6 4. Nf3 dxc4 5. e3 b5 6. a4 Bb4 7. Bd2 a5 8. axb5
Bxc3 9. Bxc3 cxb5 10. b3 Bb7 11. bxc4 b4 12. Bb2 Nf6 13. Bd3 O-O 14. O-O Nbd7
15. Re1 Qc7 16. e4 e5 17. Nxe5 Nxe5 18. dxe5 Nd7 19. Qh5 Nc5 20. Bc2 Rfd8 21.
Re3 Rd2 22. Rh3 Ne6 23. Qxh7+ Kf8 24. Rc1 Qxc4 25. Bb3 Qe2 26. Qf5 Rc8 27. Rh8+
Ke7 28. Rhxc8 Bxc8 29. Ba1 Bb7 30. Qf3 Bxe4 31. Qxe2 Rxe2 32. f3 Bd3 33. g3 Bb5
34. f4 a4 35. Bd5 Rd2 36. Bg2 b3 37. Bc3 Rc2 38. Bb4+ Ke8 39. Ba3 Nd4 40. Rb1
Ne2+ 41. Kh1 Nc3 42. Rc1 b2 43. Bxb2 Rxb2 44. Rxc3 Rb1+ 45. Bf1 Rxf1+ 46. Kg2
Ra1 47. Rc8+ Kd7 48. Rg8 g6 49. Rf8 Bc6+ 50. Kh3 Bd5 0-1

[Event "Helmut-Kohls-Turnier 2018"]
[Site "Dortmund GER"]
[Date "2018.07.20"]
[Round "7.2"]
[White "Wedda, Dries"]
[Black "Sewald, Kathrin"]
[Result "1-0"]
[WhiteElo "2069"]
[BlackElo "2031"]
[WhiteFideId "1053787"]
[BlackFideId "12964557"]
[EventDate "2018.07.14"]

1. d4 c5 2. d5 d6 3. e4 g6 4. Nc3 Bg7 5. Bb5+ Nd7 6. a4 a6 7. Be2 b6 8. Nf3 Ngf6
9. O-O O-O 10. Bf4 Ne8 11. Qd2 Bh8 12. Bh6 Ng7 13. Ng5 Ne5 14. f4 Ng4 15. Bxg4
Bxg4 16. f5 gxf5 17. h3 Bh5 18. exf5 f6 19. Bxg7 Bxg7 20. Ne6 Qd7 21. Nxf8 Rxf8
22. Ne2 Bf7 23. Nf4 Bh6 24. Qd3 Qa7 25. c4 Kh8 26. Qe4 Qd7 27. b3 Rg8 28. Rae1
Bf8 29. Kh2 b5 30. axb5 axb5 31. Ne6 Bh6 32. Rf2 bxc4 33. bxc4 Qa4 34. Qh4 Qb4
35. Re4 Bc1 36. Nf4 Rg7 37. Rxe7 Qb3 38. Rfe2 Kg8 39. Re8+ 1-0

[Event "Helmut-Kohls-Turnier 2018"]
[Site "Dortmund GER"]
[Date "2018.07.20"]
[Round "7.3"]
[White "Kartsev, Nikolay"]
[Black "Pahl, Erik"]
[Result "1-0"]
[WhiteElo "2084"]
[BlackElo "2089"]
[WhiteFideId "12939536"]
[BlackFideId "16201272"]
[EventDate "2018.07.14"]

1. e4 c5 2. Nf3 d6 3. Bb5+ Nd7 4. O-O a6 5. Bxd7+ Bxd7 6. d4 cxd4 7. Qxd4 e5 8.
Qd3 h6 9. c4 Nf6 10. Nc3 Be7 11. h3 O-O 12. Be3 Qc7 13. Rac1 Rac8 14. b3 Qb8 15.
Nh4 Rfd8 16. Bb6 Re8 17. Qg3 Nh5 18. Qf3 Bxh4 19. Qxh5 Bg5 20. Be3 Bxe3 21. fxe3
Be6 22. Nd5 Bxd5 23. exd5 Qc7 24. Rf3 Re7 25. Rcf1 f6 26. Qg6 Kf8 27. Qh7 Rf7
28. g4 Qd7 29. Rf5 Ke8 30. h4 Qe7 31. g5 hxg5 32. hxg5 Kd7 33. Qh3 Kc7 34. g6
Rff8 35. e4 Rh8 36. Rh5 Qe8 37. Qg4 Rxh5 38. Qxh5 Qe7 39. Kf2 Qd7 40. Ke3 Rf8
41. Kd2 Kb6 42. Rf3 Ka7 43. Kc2 Rc8 44. Rc3 Rf8 45. Qh3 Qxh3 46. Rxh3 Rc8 47.
Rh7 Rc7 48. Kd3 b5 49. Rh8 Kb6 50. Rf8 b4 51. Rf7 a5 52. Ke3 Kb7 53. c5 Kc8 54.
cxd6 Rd7 55. Kf3 Rxd6 56. Rxg7 Kd8 57. Ra7 Ke8 58. g7 1-0

[Event "Helmut-Kohls-Turnier 2018"]
[Site "Dortmund GER"]
[Date "2018.07.20"]
[Round "7.4"]
[White "Wensing, Maximilian"]
[Black "Bork, Sophie"]
[Result "1-0"]
[WhiteElo "2062"]
[BlackElo "1916"]
[WhiteFideId "16222415"]
[BlackFideId "12905429"]
[EventDate "2018.07.14"]

1. e4 e5 2. Nf3 Nc6 3. Bc4 Bc5 4. O-O Nf6 5. d3 O-O 6. h3 h6 7. Re1 a6 8. c3 d6
9. Nbd2 Ba7 10. Bb3 Ne7 11. Nf1 Ng6 12. Ng3 Qe8 13. Nf5 Be6 14. Nh2 Qd7 15. g4
Bxb3 16. axb3 Ne7 17. Qf3 Nxf5 18. gxf5 Kh7 19. Ng4 Qe7 20. Qg3 Nxg4 21. hxg4 f6
22. Kg2 Rh8 23. Rh1 Kg8 24. Bd2 Kf7 25. Rh3 Rag8 26. Rah1 Ke8 27. Be3 Bxe3 28.
Qxe3 Qf7 29. c4 c5 30. f4 exf4 31. Qxf4 Qe7 32. Ra1 Kd7 33. b4 cxb4 34. d4 Rc8
35. b3 Ke8 36. Re3 Kf7 37. Ra4 h5 38. Rg3 hxg4 39. Qxg4 Rcg8 40. Rxb4 Rh6 41.
Rb6 Ke8 42. c5 Rgh8 43. cxd6 Qf7 44. Qxg7 Rh2+ 45. Kf3 Qh5+ 46. Qg4 1-0

[Event "Helmut-Kohls-Turnier 2018"]
[Site "Dortmund GER"]
[Date "2018.07.20"]
[Round "7.5"]
[White "Knudsen, Simon"]
[Black "De Boer, Bas"]
[Result "1/2-1/2"]
[WhiteElo "2197"]
[BlackElo "2139"]
[WhiteFideId "12985546"]
[BlackFideId "1050729"]
[EventDate "2018.07.14"]

1. e4 c5 2. Nf3 e6 3. d4 cxd4 4. Nxd4 Nc6 5. Nc3 Qc7 6. Be3 a6 7. Qf3 Ne5 8. Qg3
Nf6 9. O-O-O b5 10. f4 Neg4 11. Bg1 h5 12. e5 b4 13. Na4 Nd5 14. h3 Nh6 15. f5
Bb7 16. Bd3 Rc8 17. Kb1 h4 18. Qe1 Qa5 19. b3 Nc3+ 20. Nxc3 bxc3 21. Be3 Qxe5
22. fxe6 dxe6 23. Nf3 Qa5 24. Bd4 Bb4 25. a4 Bd5 26. Qe5 f6 27. Qe3 Be7 28. Nxh4
Qb4 29. Rde1 Bxb3 30. Kc1 Ba2 31. Kd1 Rd8 32. Nf3 Bc4 33. Bxc4 Qxc4 34. Qxe6
Qxe6 35. Rxe6 Kf7 36. Re3 Ng4 37. Rxe7+ Kxe7 38. Re1+ Ne5 39. Kc1 Kf7 40. Nxe5+
fxe5 41. Bxe5 Rc8 42. Re3 Rc4 43. Rf3+ Ke6 44. Bxg7 Rg8 45. Bxc3 Rxg2 46. a5 Kd5
47. Kb2 Rc6 48. Kb3 Ke4 49. Rd3 Rg5 50. h4 Rgc5 51. Rh3 Kf5 52. Bb4 Rxc2 53. h5
Kg4 54. Rh1 Rc7 55. h6 R2c3+ 56. Kb2 Rh3 57. Rxh3 Kxh3 58. Bf8 Rc8 59. Bg7 Kg4
60. h7 Kf5 61. Kb3 Ke6 62. Bc3 Kd5 1/2-1/2

[Event "Helmut-Kohls-Turnier 2018"]
[Site "Dortmund GER"]
[Date "2018.07.21"]
[Round "8.1"]
[White "Garbuz, Vitaliy"]
[Black "De Boer, Bas"]
[Result "1-0"]
[WhiteElo "2055"]
[BlackElo "2139"]
[WhiteFideId "12990710"]
[BlackFideId "1050729"]
[EventDate "2018.07.14"]

1. e4 c5 2. Nf3 e6 3. c3 d5 4. exd5 Qxd5 5. d4 Nc6 6. Na3 Nf6 7. Be3 cxd4 8. Nb5
Qd8 9. Nbxd4 Nxd4 10. Qxd4 Qxd4 11. Nxd4 Be7 12. Bb5+ Bd7 13. Bxd7+ Nxd7 14. Nb5
O-O 15. Nxa7 Bc5 16. Nb5 Bxe3 17. fxe3 Nc5 18. Ke2 g6 19. Rhd1 Rfc8 20. a3 Na4
21. Rd2 Rc5 22. c4 Rh5 23. h3 Nc5 24. Rad1 Kg7 25. b4 Ne4 26. Rd7 Rxb5 27. cxb5
Nc3+ 28. Ke1 Nxd1 29. Kxd1 Rxa3 30. Kc2 Rxe3 31. Rxb7 Kf8 32. b6 Ke8 33. Ra7 1-0

[Event "Helmut-Kohls-Turnier 2018"]
[Site "Dortmund GER"]
[Date "2018.07.21"]
[Round "8.2"]
[White "Bork, Sophie"]
[Black "Knudsen, Simon"]
[Result "0-1"]
[WhiteElo "1916"]
[BlackElo "2197"]
[WhiteFideId "12905429"]
[BlackFideId "12985546"]
[EventDate "2018.07.14"]

1. e4 c5 2. c3 Nf6 3. e5 Nd5 4. Nf3 e6 5. d4 cxd4 6. cxd4 d6 7. Bc4 Be7 8. exd6
Qxd6 9. O-O O-O 10. Nc3 Nxc3 11. bxc3 Nc6 12. Bb3 b6 13. Qd3 Bb7 14. Re1 Rfd8
15. Ng5 Bxg5 16. Bxg5 Rd7 17. Bc2 g6 18. Qh3 Rc8 19. Bf6 Qf4 20. Be5 Nxe5 21.
Rxe5 Qd2 22. Qd3 Qxd3 23. Bxd3 Rxc3 24. Bb5 Rxd4 25. Rae1 Kg7 26. h3 Rd2 27.
R5e2 Rcc2 0-1

[Event "Helmut-Kohls-Turnier 2018"]
[Site "Dortmund GER"]
[Date "2018.07.21"]
[Round "8.3"]
[White "Pahl, Erik"]
[Black "Wensing, Maximilian"]
[Result "1/2-1/2"]
[WhiteElo "2089"]
[BlackElo "2062"]
[WhiteFideId "16201272"]
[BlackFideId "16222415"]
[EventDate "2018.07.14"]

1. e4 c5 2. Nf3 d6 3. d4 cxd4 4. Nxd4 Nf6 5. Nc3 a6 6. Bg5 e6 7. f4 Be7 8. Qf3
h6 9. Bh4 Qc7 10. O-O-O Nbd7 11. f5 e5 12. Nde2 b5 13. Bxf6 Nxf6 14. Nd5 Nxd5
15. exd5 Qc5 16. Ng3 Bg5+ 17. Kb1 Qe3 18. Bd3 Qxf3 19. gxf3 Be3 20. Nh5 Rg8 21.
Rde1 Bg5 22. h4 Bf6 23. Reg1 Ke7 24. Be4 Bb7 25. b3 Rac8 26. Kb2 Rc5 27. Rd1 a5
28. a3 Ba8 29. b4 Rc4 30. c3 Rgc8 1/2-1/2

[Event "Helmut-Kohls-Turnier 2018"]
[Site "Dortmund GER"]
[Date "2018.07.21"]
[Round "8.4"]
[White "Sewald, Kathrin"]
[Black "Kartsev, Nikolay"]
[Result "0-1"]
[WhiteElo "2031"]
[BlackElo "2084"]
[WhiteFideId "12964557"]
[BlackFideId "12939536"]
[EventDate "2018.07.14"]

1. e4 c5 2. d3 Nc6 3. g3 g6 4. Bg2 Bg7 5. Nc3 b6 6. Be3 Bb7 7. Qd2 Rc8 8. Nf3 e6
9. O-O Nf6 10. Nb5 d6 11. Bf4 e5 12. Bh6 O-O 13. Bh3 Rb8 14. c4 Bc8 15. Bg2 Bg4
16. h3 Bxf3 17. Bxf3 a6 18. Nc3 Nd4 19. Bg2 Qd7 20. Kh2 b5 21. b3 b4 22. Nd1 a5
23. Bxg7 Kxg7 24. f4 a4 25. Rb1 axb3 26. axb3 Ra8 27. f5 Ra3 28. g4 Rxb3 29.
Rxb3 Nxb3 30. Qa2 Nd4 31. g5 Nh5 32. f6+ Kg8 33. Rf2 Qb7 34. Ne3 Ra8 35. Qb1 Qa6
36. Nc2 Qa2 0-1

[Event "Helmut-Kohls-Turnier 2018"]
[Site "Dortmund GER"]
[Date "2018.07.21"]
[Round "8.5"]
[White "Wuebker, Paul-Luca"]
[Black "Wedda, Dries"]
[Result "0-1"]
[WhiteElo "2030"]
[BlackElo "2069"]
[WhiteFideId "12939528"]
[BlackFideId "1053787"]
[EventDate "2018.07.14"]

1. d4 Nf6 2. c4 g6 3. Nc3 d5 4. cxd5 Nxd5 5. e4 Nxc3 6. bxc3 Bg7 7. Be3 c5 8.
Nf3 Qa5 9. Qd2 O-O 10. Rb1 b6 11. Rb3 Rd8 12. d5 e6 13. Bg5 f6 14. Bc4 Qa4 15.
Qe2 Ba6 16. Rb5 fxg5 17. dxe6 Bxc3+ 18. Kf1 Rd1+ 19. Ne1 Qxc4 0-1

[Event "Helmut-Kohls-Turnier 2018"]
[Site "Dortmund GER"]
[Date "2018.07.22"]
[Round "9.1"]
[White "Wedda, Dries"]
[Black "Garbuz, Vitaliy"]
[Result "0-1"]
[WhiteElo "2069"]
[BlackElo "2055"]
[WhiteFideId "1053787"]
[BlackFideId "12990710"]
[EventDate "2018.07.14"]

1. d4 Nf6 2. c4 e6 3. Nf3 d5 4. g3 dxc4 5. Bg2 a6 6. O-O Nc6 7. e3 Bd7 8. Qe2 b5
9. b3 cxb3 10. axb3 Be7 11. Bb2 O-O 12. Rc1 Nb4 13. Ne5 Nfd5 14. Nd2 Be8 15. Ne4
c6 16. Nc5 Bxc5 17. Rxc5 f6 18. Nd3 a5 19. e4 Ne7 20. Nxb4 axb4 21. Rxa8 Qxa8
22. d5 Qa2 23. e5 Qa7 24. Bd4 Nf5 25. exf6 Nxd4 26. Qg4 Ne2+ 27. Qxe2 Qxc5 28.
Qxe6+ Bf7 0-1

[Event "Helmut-Kohls-Turnier 2018"]
[Site "Dortmund GER"]
[Date "2018.07.22"]
[Round "9.2"]
[White "Kartsev, Nikolay"]
[Black "Wuebker, Paul-Luca"]
[Result "0-1"]
[WhiteElo "2084"]
[BlackElo "2030"]
[WhiteFideId "12939536"]
[BlackFideId "12939528"]
[EventDate "2018.07.14"]

1. e4 Nf6 2. e5 Nd5 3. d4 d6 4. c4 Nb6 5. exd6 cxd6 6. Nc3 g6 7. Nf3 Bg7 8. Be3
O-O 9. Be2 Nc6 10. h3 d5 11. c5 Nc4 12. Bxc4 dxc4 13. Qa4 e5 14. dxe5 Be6 15.
Rd1 Qb8 16. O-O Nxe5 17. Nxe5 Bxe5 18. f4 Bg7 19. Bd4 Bxd4+ 20. Rxd4 Qc7 21.
Rxc4 Bxc4 22. Qxc4 Kg7 23. f5 f6 24. Nd5 Qe5 25. Nf4 Rfe8 26. Nd3 Qe3+ 27. Kh2
Rad8 28. Rf3 Qd4 29. Qb3 Qd5 30. Qc3 g5 31. a4 Re4 32. b4 Rd4 33. Nf2 h5 34. g4
hxg4 35. Nxg4 Rd2+ 36. Kg3 Qd4 37. Nf2 Rxf2 0-1

[Event "Helmut-Kohls-Turnier 2018"]
[Site "Dortmund GER"]
[Date "2018.07.22"]
[Round "9.3"]
[White "Wensing, Maximilian"]
[Black "Sewald, Kathrin"]
[Result "0-1"]
[WhiteElo "2062"]
[BlackElo "2031"]
[WhiteFideId "16222415"]
[BlackFideId "12964557"]
[EventDate "2018.07.14"]

1. e4 e5 2. Nf3 d6 3. d4 Qe7 4. Nc3 c6 5. a4 Nf6 6. Bc4 h6 7. h3 Qc7 8. O-O Be7
9. Be3 Nbd7 10. Re1 Nf8 11. Qd2 Ne6 12. a5 g5 13. Bf1 Rg8 14. a6 g4 15. hxg4
Nxg4 16. d5 Nxe3 17. dxe6 Nxf1 18. exf7+ Kxf7 19. Rxf1 Bh3 20. Ne1 Rg6 21. Kh2
Be6 22. Nd3 Rag8 23. g3 b6 24. Ne2 Bf8 25. b3 h5 26. f4 Bg4 27. Rg1 h4 28. Nf2
Bxe2 29. g4 Bxg4 30. f5 Bh6 31. Nxg4 Bxd2 32. Nf6 Rxf6 0-1

[Event "Helmut-Kohls-Turnier 2018"]
[Site "Dortmund GER"]
[Date "2018.07.22"]
[Round "9.4"]
[White "Knudsen, Simon"]
[Black "Pahl, Erik"]
[Result "1/2-1/2"]
[WhiteElo "2197"]
[BlackElo "2089"]
[WhiteFideId "12985546"]
[BlackFideId "16201272"]
[EventDate "2018.07.14"]

1. e4 c5 2. Na3 d6 3. c3 Nf6 4. g3 Nc6 5. Bg2 g6 6. Ne2 Bg7 7. O-O O-O 8. d4 a6
9. h3 Nd7 10. Bg5 h6 11. Be3 Qc7 12. Nf4 e6 13. d5 exd5 14. Nxd5 Qb8 15. Qd2 Kh7
16. Rad1 Rd8 17. f4 b5 18. Rf2 Nb6 19. Rdf1 Ra7 20. b4 Na4 21. f5 g5 22. f6 Bf8
23. Qe2 Ne5 24. Qh5 Kg8 25. Rf5 Bxf5 26. exf5 Rdd7 27. Bxg5 hxg5 28. Qxg5+ Kh7
29. Rf4 Bh6 30. Rh4 Qf8 31. Ne7 Rxe7 32. fxe7 Rxe7 33. Rxh6+ Qxh6 34. Qxe7 Qc1+
35. Kh2 Qb2 36. Qh4+ Kg8 37. Qg5+ Kf8 38. Qd8+ Kg7 39. g4 Qf2 40. Qg5+ Kf8 41.
Qd8+ Kg7 42. Qg5+ Kf8 43. Qd8+ Kg7 1/2-1/2

[Event "Helmut-Kohls-Turnier 2018"]
[Site "Dortmund GER"]
[Date "2018.07.22"]
[Round "9.5"]
[White "De Boer, Bas"]
[Black "Bork, Sophie"]
[Result "1-0"]
[WhiteElo "2139"]
[BlackElo "1916"]
[WhiteFideId "1050729"]
[BlackFideId "12905429"]
[EventDate "2018.07.14"]

1. Nf3 d5 2. d4 c5 3. c4 e6 4. cxd5 exd5 5. g3 Nc6 6. Bg2 Nf6 7. O-O Be7 8. Nc3
O-O 9. Bg5 c4 10. Ne5 Be6 11. b3 h6 12. Be3 Qa5 13. Na4 Rac8 14. bxc4 dxc4 15.
Nxc6 bxc6 16. Bd2 Qd8 17. e3 Qd7 18. Qc2 Rfe8 19. Rfe1 c5 20. Nxc5 Bxc5 21. dxc5
Rxc5 22. Bb4 Rb5 23. Rad1 Qc8 24. Bc3 Nd5 25. Bd4 Ra5 26. e4 Nf6 27. Bxf6 gxf6
28. Qc3 Rxa2 29. Qxf6 Qc5 30. Re3 Rc8 31. e5 c3 32. Be4 c2 33. Rc1 Qd4 34. Qxh6
Qd1+ 35. Re1 Qd4 36. Bh7+ 1-0